00837nam a2200193 i 450000100060000000300090000600500170001500700030003200800410003508000210007610000380009724501500013526001350028530000280042050000550044871000680050371000370057185200350060891711ES-MaACL20250809063510.0t|050208s1982 sp ||||1| spa d a821.134.2-17"17"1 aVilar, Juan Bautista, d1941-201810aVersos satíricos contra el cabildo, que circularon en Orihuela con ocasión de la marcha del obispo Flores Ossorio (1738) / cJuan Bta. Vilar. aMurcia : bUniversidad de Murcia, Cátedra de Historia Contemporánea ; aOrihuela : bPatronato "Angel García Rogel", c1982. ap. [281]-283 ; c24 cm. aSeparata de: Anales de Historia Contemparánea 1.2 aUniversidad de Murcia. bCátedra de Historia Contemporánea.2 aPatronato "Angel García Rogel" aES-MaACLj2186-F-17 bR.135356